000 00210 a2200097 4500
001 1036
100 _aAdjins,B.
245 _aGeneral theory of electrical machine
260 _a
_bChapman
_c
090 _c603
_d603
942 _aNUST-CAE
_cM
_c32523
999 _c236109
_d236109